Human physiology: the mechanisms of body function. (3rd ed.) (Record no. 64096)

MARC details
000 -LEADER
fixed length control field 00836nam a2200205 a 4500
008 - FIXED-LENGTH DATA ELEMENTS--GENERAL INFORMATION
fixed length control field 120416s1980 ||||||||||||||||| || u
020 ## - INTERNATIONAL STANDARD BOOK NUMBER
International Standard Book Number 0070669619
050 ## - LIBRARY OF CONGRESS CALL NUMBER
Classification number QP 34.5 Van
100 ## - MAIN ENTRY--PERSONAL NAME
Personal name Vander, Arthur J
245 10 - TITLE STATEMENT
Title Human physiology: the mechanisms of body function. (3rd ed.)
250 ## - EDITION STATEMENT
Edition statement 3rd ed.
260 ## - PUBLICATION, DISTRIBUTION, ETC.
Place of publication, distribution, etc. New York:
Name of publisher, distributor, etc. McGraw-Hill
Date of publication, distribution, etc. 1980
300 ## - PHYSICAL DESCRIPTION
Extent x, 724p. : ill.
350 ## -
-- 0.00
650 ## - SUBJECT ADDED ENTRY--TOPICAL TERM
Topical term or geographic name entry element PHYSIOLOGY
650 #0 - SUBJECT ADDED ENTRY--TOPICAL TERM
Topical term or geographic name entry element HUMAN PHYSIOLOGY
700 ## - ADDED ENTRY--PERSONAL NAME
Personal name Luciano, Dorothy S
995 ## -
-- MEDICAL LIBRARY OPEN ACCESS
-- 903064
-- CBU-SCHOOL OF MEDICINE LIBRARY (Ndola)
-- 0.00
-- QP 34.5 Van
-- 2
-- AVAILABLE
-- Sep 7, 2015
-- 903064
-- Medical Library Open Access Collection
995 ## -
-- MAIN LIBRARY OPEN ACCESS
-- 0.00
-- 015088
-- CBU-MAIN LIBRARY (Kitwe)
-- 1
-- 11.95
-- QP 34.5 Van
-- AVAILABLE
-- 015088
-- Main Library Open Access Collection
999 ## -
-- 64096
-- 64096
Holdings
Withdrawn status Lost status Source of classification or shelving scheme Damaged status Not for loan Permanent Location Current Location Shelving location Date acquired Total Checkouts Full call number Barcode Date last seen Date last checked out Copy number Price effective from Koha item type
          CBU-MAIN LIBRARY, KITWE. CBU-MAIN LIBRARY, KITWE.   02/09/2023   QP 34.5 Van 015088 02/09/2023   2 02/09/2023 MONOGRAPH
          CBU-SCHOOL OF MEDICINE LIBRARY, NDOLA. CBU-SCHOOL OF MEDICINE LIBRARY, NDOLA.   02/09/2023 1 QP 34.5 Van 903064 11/03/2025 10/30/2025 1 02/09/2023 MONOGRAPH